000 00756cam a22002532 4500
001 7069
003 BD-RjUL
005 20211208234348.0
008 720103s1959 nyu b 000 0 eng
035 _aOCLC ocm00190041 from D970927M
_a(BD-RjUL)7111
040 _aDLC
_cWSU
_dOCL
_dBD-RjUL
_beng
041 _aeng
082 _a159.1
_bLUI 1959
100 1 _aLuce, R. Duncan
_q(Robert Duncan)
_922143
245 1 0 _aIndividual choice behavior :
_ba theoretical analysis /
260 _alondon;
_aNew York :
_b John Wiley,
_c[1959]
300 _axii, 153 p.
_bdiagrs.
_c24 cm.
504 _aBibliography: p. 147-149.
650 0 _aPsychometrics.
_95211
650 0 _aChoice (Psychology)
_95236
942 _2ddc
_cBK
999 _c7069
_d7069